A decision model for integration across the business curriculum in the 21st century (Record no. 44761)

000 -LEADER
fixed length control field 00530pab a2200181 454500
008 - FIXED-LENGTH DATA ELEMENTS--GENERAL INFORMATION
fixed length control field 180718b2000 xxu||||| |||| 00| 0 eng d
100 ## - MAIN ENTRY--PERSONAL NAME
Personal name Hamilton, Diane
245 ## - TITLE STATEMENT
Title A decision model for integration across the business curriculum in the 21st century
260 ## - PUBLICATION, DISTRIBUTION, ETC.
Date of publication, distribution, etc. 2000
300 ## - PHYSICAL DESCRIPTION
Extent p.102-26
362 ## - DATES OF PUBLICATION AND/OR SEQUENTIAL DESIGNATION
Dates of publication and/or sequential designation Feb
650 ## - SUBJECT ADDED ENTRY--TOPICAL TERM
Topical term or geographic name entry element Management education - 21st century
650 ## - SUBJECT ADDED ENTRY--TOPICAL TERM
Topical term or geographic name entry element Management education
700 ## - ADDED ENTRY--PERSONAL NAME
Personal name Mirchandani, Dilip
700 ## - ADDED ENTRY--PERSONAL NAME
Personal name McFarland, Dan
773 ## - HOST ITEM ENTRY
Main entry heading Journal of Management Education
909 ## -
-- 44761
Holdings
Withdrawn status Lost status Damaged status Not for loan Permanent Location Current Location Date acquired Serial Enumeration / chronology Barcode Date last seen Price effective from Koha item type
        Indian Institute of Public Administration Indian Institute of Public Administration 2018-07-19 Volume no: 24, Issue no: 1 AR45173 2018-07-19 2018-07-19 Articles

Powered by Koha